000
00265nam a22001217a 4500
005
20171025101055.0
008
171025b xxu||||| |||| 00| 0 eng d
041
_a
eng
082
_a
657.42
245
_a
COST ACCOUNTING IPCC, GROUP I
300
_a
412p.
942
_c
BK
999
_c
5628
_d
5626